तीली भर रोशनी / (Record no. 71851)

MARC details
000 -LEADER
fixed length control field 01157nam a22002777a 4500
005 - DATE AND TIME OF LATEST TRANSACTION
control field 20121204155636.0
008 - FIXED-LENGTH DATA ELEMENTS--GENERAL INFORMATION
fixed length control field 090408t xxu||||| |||| 00| 0 hin d
010 ## - LCCN (DPL NO)
LC control number HIN-97565
020 ## - INTERNATIONAL STANDARD BOOK NUMBER
Terms of availability 150.00
International Standard Book Number 8190316480
035 ## - SYSTEM CONTROL NUMBER
System control number HN-69911
037 ## - SOURCE OF ACQUISITION
Source of stock number/acquisition DBAD / PUB
040 ## - CATALOGING SOURCE
Original cataloging agency DPL
Language of cataloging HN
082 ## - DEWEY DECIMAL CLASSIFICATION NUMBER
Classification number 821
100 ## - MAIN ENTRY--PERSONAL NAME
9 (RLIN) 27482
245 ## - TITLE STATEMENT
Title तीली भर रोशनी /
Statement of responsibility, etc प्रयाग शुक्ल द्वारा संपादित
260 ## - PUBLICATION, DISTRIBUTION, ETC. (IMPRINT)
Name of publisher, distributor, etc नीरज प्रकाशन
Date of publication, distribution, etc 2011
Place of publication, distribution, etc बीकानेर (राज.)
270 ## - ADDRESS
Address मूंधड़ों का चौक, पिंजरे के पास
City बीकानेर (राज.)
Postal code 334005
300 1# - PHYSICAL DESCRIPTION
Extent 86पृ.
Dimensions 22सेमी (सजिल्द)
650 ## - SUBJECT ADDED ENTRY--TOPICAL TERM
9 (RLIN) 1169
Topical term or geographic name as entry element हिन्दी कविताएँ
650 ## - SUBJECT ADDED ENTRY--TOPICAL TERM
9 (RLIN) 54059
Topical term or geographic name as entry element Hindi Poetry
700 ## - ADDED ENTRY--PERSONAL NAME
9 (RLIN) 27483
Personal name शुक्ल,प्रयाग
710 ## - ADDED ENTRY--CORPORATE NAME
9 (RLIN) 52094
711 ## - ADDED ENTRY--MEETING NAME
9 (RLIN) 52444
942 ## - ADDED ENTRY ELEMENTS (KOHA)
Institution code [OBSOLETE] dpl
Item type Hindi Books
Source of classification or shelving scheme Dewey Decimal Classification
Call number suffix तीलीभ
Classification part 821
Holdings
Withdrawn status Lost status Source of classification or shelving scheme Damaged status Not for loan Collection code Home library Current library Date acquired Source of acquisition Cost, normal purchase price Total Checkouts Full call number Barcode Date last seen Copy number Cost, replacement price Koha item type
    Dewey Decimal Classification   Not For Loan Non-fiction D.B.Act.Division D.B.Act.Division 04/12/2012 DBAD / PUB 150.00   821 तीलीभ HN-69911 04/12/2012 1 150.00 Hindi Books

© Delhi Public Library
Hit Counter
free hit counter